000 00690cab a2200217 4500
001 ABS37396
008 090401t1987 xxu||||| |||| 00| 0 eng d
035 _a(Sirsi) u4118
041 _aeng
100 _aHancock, M.
245 _aSmallholdings statistics for 1985-86
260 _c1987
350 _a0
490 _aCounty Councils Gazette
_v79 (11) February 1987, 324-329 (6)
520 _aAnalyses CIPFA `s smallholdings statistics for 1985-86, looking at the number and type of holdings, rents , and capital and revenue expenditure. Tables. Diagrams.
650 _aAGRICULTURAL HOLDINGS
690 _aRURAL PRACTICE
700 _aCox, H.
942 _n0
948 _c04/03/1997
999 _c2463
_d2463